Statistics for Hangman Game - Guess Three Countries!

Click here to take the quiz!

General Stats

  • This quiz has been taken 939 times
  • The average score is 26 of 27

Answer Stats

Answer% Correct
{A}
100%
{A}
100%
{A}
100%
{A}
100%
{A}
100%
{A}
100%
{A}
100%
{I}
98%
{I}
98%
{L}
97%
{L}
97%
{O}
97%
{H}
96%
{N}
96%
{T}
96%
{U}
96%
{D}
95%
{R}
95%
{S}
95%
{G}
94%
{K}
94%
{P}
94%
{V}
94%
{Y}
93%
PARAGUAY
79%
THAILAND
79%
SLOVAKIA
78%

Score Distribution

Percentile by Number Answered

Percent of People with Each Score

Your Score History

You have not taken this quiz